000 00560nam a22002057a 4500
003 koha_MIRAKIL
005 20231213100429.0
008 231213b |||||||| |||| 00| 0 ||| d
020 _b978-6-05-349910-7
040 _aTR-IsEVY
_btur
_cTR-IsEVY
082 _a398.2 GÖK/M
100 _aGökduman, Nehir Aydın.
245 0 _aMasal kaçkını
250 _a2. bs.
260 _bErdem Yayınları,
_c2018
300 _a207 s.
650 _aTürk edebiyatı -- Çocuk romanı.
650 _aTurkish literature -- Children's fiction.
942 _2ddc
_cBK
999 _c19795
_d19795